000 00641cam a2200241 4500
001 J97239
008 090401t1999 xxu||||| |||| 00| 0 eng d
035 _a(Sirsi) u91912
041 _aeng
050 _a711.5520212
110 _aKing Sturge & Co.
_91183
245 _aIndustrial floorspace today. - (Issue 1 - Issue 3 1999)
260 _aLondon
_bKing Sturge & Co.
_c1999
300 _a3 pt. ; 30cm.
350 _a0
650 _aFLOORSPACE STATISTICS
650 _aINDUSTRIAL FLOORSPACE
650 _aINDUSTRIAL MARKET
650 _aWAREHOUSES
690 _aPROPERTY-COMMERCIAL PROPERTY
942 _n0
948 _c10/03/1999
999 _c97691
_d97691